|
|
|
|
| LEADER |
01064naa a2200229 i 4500 |
| 001 |
acta77320 |
| 005 |
20221125090526.0 |
| 008 |
221125s2022 hu o 1|| hun d |
| 020 |
|
|
|a 978-963-306-862-5
|
| 040 |
|
|
|a SZTE Egyetemi Kiadványok Repozitórium
|b hun
|
| 041 |
|
|
|a hun
|
| 100 |
1 |
|
|a Kocsis Ádám
|
| 245 |
1 |
2 |
|a A lemorzsolódást és a sikerességet meghatározó tényezők vizsgálata a felsőoktatásban
|h [elektronikus dokumentum] :
|b [absztrakt] /
|c Kocsis Ádám
|
| 260 |
|
|
|a Szegedi Tudományegyetem, Neveléstudományi Doktori Iskola
|b Szeged
|c 2022
|
| 300 |
|
|
|a 22
|
| 490 |
0 |
|
|a Pedagógiai Értékelési Konferencia
|v 18
|
| 650 |
|
4 |
|a Társadalomtudományok
|
| 650 |
|
4 |
|a Oktatástudomány
|
| 695 |
|
|
|a Lemorzsolódás - felsőoktatás - előadáskivonat, Sikeresség - felsőoktatás - előadáskivonat, Iskolai kudarc - előadáskivonat
|
| 700 |
0 |
1 |
|a Molnár Gyöngyvér
|e aut
|
| 711 |
|
|
|a Pedagógiai Értékelési Konferencia (18.)
|c Szeged
|d 2022. április 21-23.
|
| 856 |
4 |
0 |
|u http://acta.bibl.u-szeged.hu/77320/1/pek_2022_022.pdf
|z Dokumentum-elérés
|